000 00619nam a22002057a 4500
003 OSt
008 251021b |||||||| |||| 00| 0 eng d
020 _a9788120335868
082 _a627
_bD22H
100 _aDas, Ghanshyam.
245 _aHydrology and Soil Conservation Engineering : including watershed management /
_cby Ghanshyam Das
250 _a2nd ed.
260 _a.- 2024
_b: PHI Learning
_c, 2024
300 _axii,539p.
650 _aTechnology (Applied Sciences)
650 _aEngineering and Allied Operations
650 _aHydrology
650 _aSoil Conservation Engineering
942 _2ddc
_cBK
_06
999 _c49119
_d49119